| 000 | 01393cam a2200385 a 4500 | ||
|---|---|---|---|
| 001 | 12310393 | ||
| 003 | ARRUPE | ||
| 005 | 20131105125241.0 | ||
| 008 | 010214s2000 enk 000 1 eng d | ||
| 010 | _a 2001274672 | ||
| 015 | _aGBA1-02627 | ||
| 020 | _a0435912046 | ||
| 035 | _a(OCoLC)ocm45588541 | ||
| 040 |
_aOUN _cOUN _dUKM _dDLC |
||
| 042 | _alccopycat | ||
| 043 |
_ae-uk-en _af-nr--- |
||
| 050 | 0 | 0 |
_aPR9387.9.E36 _bN49 2000 |
| 082 | 0 | 0 |
_a823/.914 _221 |
| 100 | 1 |
_aEmecheta, Buchi. _93196 |
|
| 245 | 1 | 4 |
_aThe new tribe / _cBuchi Emecheta. |
| 260 |
_aOxford [England] ; _aPortsmouth, NH : _bHeinemann, _c2000. |
||
| 300 |
_a154 p. ; _c21 cm. |
||
| 440 | 0 |
_aAfrican writers series _93197 |
|
| 650 | 0 |
_aNigerians _zEngland _vFiction. _93198 |
|
| 650 | 0 |
_aInterracial adoption _vFiction. _93199 |
|
| 650 | 0 |
_aAdopted children _vFiction. _93200 |
|
| 650 | 0 |
_aClergy _vFiction. _93201 |
|
| 651 | 0 |
_aNigeria _vFiction. _93202 |
|
| 651 | 0 |
_aEngland _vFiction. _93203 |
|
| 655 | 7 |
_aDomestic fiction. _2lcsh _93204 |
|
| 856 | 4 | 2 |
_3Book review (H-Net) _uhttp://www.h-net.org/review/hrev-a0c0h1-aa |
| 906 |
_a7 _bcbc _ccopycat _d2 _encip _f20 _gy-gencatlg |
||
| 942 |
_2lcc _cMONOGRAPH |
||
| 999 |
_c118503 _d118503 |
||